Statistics for Tampa Bay Buccaneers: Pro Bowl Selections

Click here to take the quiz!

General Stats

  • This quiz has been taken 448 times
    (47 since last reset)
  • The average score is 18 of 49

Answer Stats

PositionAmount of SelectionsPlayer% Correct
QB1Tom Brady
96%
WR5Mike Evans
91%
WR1Chris Godwin
83%
QB1Brad Johnson
78%
LB11Derrick Brooks
78%
WR1Keyshawn Johnson
78%
DT7Warren Sapp
78%
QB1Jameis Winston
74%
LB1Lavonte David
74%
CB5Ronde Barber
74%
T3Tristan Wirfs
70%
RB1Clifton Smith
61%
RB2Doug Martin
61%
LB2Shaquil Barrett
61%
RB6Mike Alstott
52%
WR1Vincent Jackson
52%
RB2Warrick Dunn
52%
QB1Baker Mayfield
48%
DE6Lee Roy Selmon
48%
DE1Jason Pierre-Paul
43%
C1Ryan Jensen
43%
CB5John Lynch
39%
DT6Gerald McCoy
30%
DE2Simeon Rice
30%
QB1Trent Dilfer
30%
RB1James Wilder
26%
QB1Jeff Garcia
26%
K1Martin Gramatica
26%
G1Ali Marpet
22%
LB5Hardy Nickerson
22%
WR1Keenan McCardell
22%
CB1Darrelle Revis
17%
G1Randall McDaniel
17%
LB1Shelton Quarles
17%
LB2Hugh Green
13%
C1Jeff Christy
13%
TE4Jimmie Giles
13%
DT1Dave Pear
9%
T1Donald Penn
9%
LB1Kwon Alexander
9%
LB1Dave Lewis
4%
TE1Dave Moore
4%
G2Davin Joseph
4%
CB1Donnie Abraham
4%
P1Josh Bidwell
4%
G1Logan Mankins
4%
WR1Mark Carrier
4%
C3Tony Mayberry
4%
CB1Wayne Haddix
4%

Score Distribution

Percentile by Number Answered

Percent of People with Each Score

Your Score History

You have not taken this quiz since the last reset